| 000 | 00965 a2200241 4500 | ||
|---|---|---|---|
| 003 | Nust | ||
| 005 | 20221125142251.0 | ||
| 010 | _a 70141920 | ||
| 020 | _a0070273820 | ||
| 040 | _cNust | ||
| 082 | 0 | 0 | _a621.38132,HAY |
| 100 | 1 |
_aHayt, William Hart, _9101313 |
|
| 245 | 1 | 0 |
_aEngineering circuit analysis / _c[by] William H. Hayt, Jr. [and] Jack E. Kemmerly. |
| 250 | _a2nd. ed. | ||
| 260 |
_aNew York, _bMcGraw-Hill _c[1971] |
||
| 300 |
_axv, 653 p. _billus. _c24 cm. |
||
| 490 | 0 | _aMcGraw-Hill electrical and electronic engineering series | |
| 505 | _aPart 1: The Resistive Circuits (Page-3), Part 2: The Transient Circuits (Page-109), Part 3: Sinusoidal Analysis (Page-233), Part 4: Complex Frequency (Page-351), Part 5: Two Port Networks (Page-431), Part 6: Network Analysis (Page-503). | ||
| 650 | 0 |
_aElectric network analysis. _910704 |
|
| 650 | 0 | _aTelecommunication engineering | |
| 700 | 1 |
_aKemmerly, Jack E. _d1924- _9102222 |
|
| 942 |
_2ddc _cBK |
||
| 999 |
_c188961 _d188961 |
||